<?xml version="1.0" encoding="UTF-8"?><record xmlns="http://www.loc.gov/MARC21/slim" xmlns:zs="http://docs.oasis-open.org/ns/search-ws/sruResponse">
  <leader>02122cas a22004697a 4500</leader>
  <controlfield tag="001">18289397</controlfield>
  <controlfield tag="008">870206d18711887mouwr ne      0   a0eng d</controlfield>
  <controlfield tag="005">20250630033350.6</controlfield>
  <datafield ind1=" " ind2=" " tag="010">
    <subfield code="a">sn 87052143 </subfield>
  </datafield>
  <datafield ind1="0" ind2=" " tag="022">
    <subfield code="a">2374-5789</subfield>
    <subfield code="2">1</subfield>
  </datafield>
  <datafield ind1=" " ind2=" " tag="035">
    <subfield code="a">(OCoLC)15161143</subfield>
  </datafield>
  <datafield ind1=" " ind2=" " tag="040">
    <subfield code="a">NPX</subfield>
    <subfield code="b">eng</subfield>
    <subfield code="c">NPX</subfield>
    <subfield code="d">MQN</subfield>
    <subfield code="d">OCLCQ</subfield>
    <subfield code="d">DLC</subfield>
    <subfield code="d">OCLCF</subfield>
    <subfield code="d">OCLCL</subfield>
  </datafield>
  <datafield ind1=" " ind2=" " tag="042">
    <subfield code="a">msc</subfield>
    <subfield code="a">nsdp</subfield>
  </datafield>
  <datafield ind1=" " ind2=" " tag="043">
    <subfield code="a">n-us-mo</subfield>
  </datafield>
  <datafield ind1="0" ind2="0" tag="050">
    <subfield code="a">Newspaper</subfield>
  </datafield>
  <datafield ind1="0" ind2="0" tag="082">
    <subfield code="a">071</subfield>
    <subfield code="2">23</subfield>
    <subfield code="1">https://id.oclc.org/worldcat/ddc/E4dfHGhx3CP9J6H88DhYHkwpGh</subfield>
  </datafield>
  <datafield ind1=" " ind2="0" tag="222">
    <subfield code="a">Lexington weekly intelligencer</subfield>
    <subfield code="b">(Print)</subfield>
  </datafield>
  <datafield ind1="0" ind2="0" tag="245">
    <subfield code="a">Lexington weekly intelligencer.</subfield>
  </datafield>
  <datafield ind1="1" ind2="3" tag="246">
    <subfield code="a">Weekly intelligencer</subfield>
  </datafield>
  <datafield ind1="1" ind2="7" tag="246">
    <subfield code="a">Lexington intelligencer</subfield>
  </datafield>
  <datafield ind1=" " ind2=" " tag="260">
    <subfield code="a">Lexington, Mo. :</subfield>
    <subfield code="b">Young, Geroves &amp; Smith</subfield>
  </datafield>
  <datafield ind1=" " ind2=" " tag="300">
    <subfield code="a">v.</subfield>
  </datafield>
  <datafield ind1=" " ind2=" " tag="310">
    <subfield code="a">Weekly</subfield>
  </datafield>
  <datafield ind1=" " ind2=" " tag="336">
    <subfield code="a">text</subfield>
    <subfield code="b">txt</subfield>
    <subfield code="2">rdacontent</subfield>
  </datafield>
  <datafield ind1=" " ind2=" " tag="337">
    <subfield code="a">unmediated</subfield>
    <subfield code="b">n</subfield>
    <subfield code="2">rdamedia</subfield>
  </datafield>
  <datafield ind1=" " ind2=" " tag="338">
    <subfield code="a">volume</subfield>
    <subfield code="b">nc</subfield>
    <subfield code="2">rdacarrier</subfield>
  </datafield>
  <datafield ind1="1" ind2=" " tag="362">
    <subfield code="a">Began in 1871?</subfield>
  </datafield>
  <datafield ind1="0" ind2=" " tag="362">
    <subfield code="a">-v. 17, no. 9 (Apr. 9, 1887).</subfield>
  </datafield>
  <datafield ind1=" " ind2=" " tag="530">
    <subfield code="a">Archived issues are available in digital format from the Library of Congress Chronicling America online collection.</subfield>
  </datafield>
  <datafield ind1=" " ind2=" " tag="588">
    <subfield code="a">Description based on: Vol. 1, no. 41 (Jan. 10, 1872).</subfield>
  </datafield>
  <datafield ind1=" " ind2="0" tag="651">
    <subfield code="a">Lexington (Mo.)</subfield>
    <subfield code="v">Newspapers.</subfield>
  </datafield>
  <datafield ind1=" " ind2="0" tag="651">
    <subfield code="a">Lafayette County (Mo.)</subfield>
    <subfield code="v">Newspapers.</subfield>
  </datafield>
  <datafield ind1=" " ind2="7" tag="651">
    <subfield code="a">Missouri</subfield>
    <subfield code="z">Lafayette County.</subfield>
    <subfield code="2">fast</subfield>
    <subfield code="0">(OCoLC)fst01209431</subfield>
    <subfield code="1">https://id.oclc.org/worldcat/entity/E39PBJxhkK8bFc6JxvVK3Xbw4q</subfield>
  </datafield>
  <datafield ind1=" " ind2="7" tag="651">
    <subfield code="a">Missouri</subfield>
    <subfield code="z">Lexington.</subfield>
    <subfield code="2">fast</subfield>
    <subfield code="0">(OCoLC)fst01217590</subfield>
    <subfield code="1">https://id.oclc.org/worldcat/entity/E39PBJy8x98Trw7xWG33qtVt8C</subfield>
  </datafield>
  <datafield ind1=" " ind2="7" tag="655">
    <subfield code="a">Newspapers.</subfield>
    <subfield code="2">fast</subfield>
    <subfield code="0">(OCoLC)fst01423814</subfield>
  </datafield>
  <datafield ind1=" " ind2="7" tag="655">
    <subfield code="a">Newspapers.</subfield>
    <subfield code="2">lcgft</subfield>
    <subfield code="0">https://id.loc.gov/authorities/genreForms/gf2014026132</subfield>
  </datafield>
  <datafield ind1=" " ind2=" " tag="752">
    <subfield code="a">United States</subfield>
    <subfield code="b">Missouri</subfield>
    <subfield code="c">Lafayette</subfield>
    <subfield code="d">Lexington.</subfield>
  </datafield>
  <datafield ind1="0" ind2="8" tag="776">
    <subfield code="i">Online version:</subfield>
    <subfield code="t">Lexington weekly intelligencer (Online)</subfield>
    <subfield code="x">2374-5797</subfield>
    <subfield code="w">(DLC)  2014218472</subfield>
    <subfield code="w">(OCoLC)887953943</subfield>
  </datafield>
  <datafield ind1="0" ind2="5" tag="780">
    <subfield code="t">Weekly caucasian (Lexington, Mo.)</subfield>
    <subfield code="x">2375-4575</subfield>
    <subfield code="w">(DLC)sn 85033995</subfield>
    <subfield code="w">(OCoLC)12366989</subfield>
  </datafield>
  <datafield ind1="0" ind2="0" tag="785">
    <subfield code="t">Intelligencer (Lexington, Mo. : 1887)</subfield>
    <subfield code="w">(DLC)sn 93060412</subfield>
  </datafield>
  <datafield ind1="4" ind2="1" tag="859">
    <subfield code="u">http://www.loc.gov/chroniclingamerica/lccn/sn87052143/issues</subfield>
  </datafield>
  <datafield ind1=" " ind2=" " tag="955">
    <subfield code="a">LCAP batch update 2025-06-26-04:00: LCAPM-644, LCAPM-893</subfield>
  </datafield>
</record>
